<?xml version="1.0" encoding="UTF-8"?><?xml-stylesheet type="text/xsl" href="static/style.xsl"?><OAI-PMH xmlns="http://www.openarchives.org/OAI/2.0/" xmlns:xsi="http://www.w3.org/2001/XMLSchema-instance" xsi:schemaLocation="http://www.openarchives.org/OAI/2.0/ http://www.openarchives.org/OAI/2.0/OAI-PMH.xsd"><responseDate>2026-04-29T04:09:17Z</responseDate><request verb="GetRecord" identifier="oai:repisalud.isciii.es:20.500.12105/20472" metadataPrefix="marc">https://repisalud.isciii.es/rest/oai/request</request><GetRecord><record><header><identifier>oai:repisalud.isciii.es:20.500.12105/20472</identifier><datestamp>2024-11-28T19:31:04Z</datestamp><setSpec>com_20.500.12105_15322</setSpec><setSpec>com_20.500.12105_2051</setSpec><setSpec>col_20.500.12105_16967</setSpec><setSpec>col_20.500.12105_16972</setSpec></header><metadata><record xmlns="http://www.loc.gov/MARC21/slim" xmlns:dcterms="http://purl.org/dc/terms/" xmlns:doc="http://www.lyncode.com/xoai" xmlns:xsi="http://www.w3.org/2001/XMLSchema-instance" xsi:schemaLocation="http://www.loc.gov/MARC21/slim http://www.loc.gov/standards/marcxml/schema/MARC21slim.xsd">
   <leader>00925njm 22002777a 4500</leader>
   <datafield ind2=" " ind1=" " tag="042">
      <subfield code="a">dc</subfield>
   </datafield>
   <datafield ind2=" " ind1=" " tag="720">
      <subfield code="a">Roman-Rodriguez, Miguel</subfield>
      <subfield code="e">author</subfield>
   </datafield>
   <datafield ind2=" " ind1=" " tag="720">
      <subfield code="a">Ibarrola-Ruiz, Lara</subfield>
      <subfield code="e">author</subfield>
   </datafield>
   <datafield ind2=" " ind1=" " tag="720">
      <subfield code="a">Mora, Fernando</subfield>
      <subfield code="e">author</subfield>
   </datafield>
   <datafield ind2=" " ind1=" " tag="720">
      <subfield code="a">Plaza, Vicente</subfield>
      <subfield code="e">author</subfield>
   </datafield>
   <datafield ind2=" " ind1=" " tag="720">
      <subfield code="a">Sastre, Joaquin</subfield>
      <subfield code="e">author</subfield>
   </datafield>
   <datafield ind2=" " ind1=" " tag="720">
      <subfield code="a">Torrego, Alfonso</subfield>
      <subfield code="e">author</subfield>
   </datafield>
   <datafield ind2=" " ind1=" " tag="720">
      <subfield code="a">Maria Vega, Jose</subfield>
      <subfield code="e">author</subfield>
   </datafield>
   <datafield ind2=" " ind1=" " tag="720">
      <subfield code="a">Sanchez-Herrero, Guadalupe</subfield>
      <subfield code="e">author</subfield>
   </datafield>
   <datafield ind2=" " ind1=" " tag="260">
      <subfield code="c">2017</subfield>
   </datafield>
   <datafield ind2=" " ind1=" " tag="520">
      <subfield code="a">Objective: The aim of this study was to evaluate the attitudes and perceptions of health care professionals (HCPs) who have been trained in motivational interviewing (MI) to improve adherence. Another objective of this study was to compare groups of HCPs with different levels of training in adherence (trained vs untrained; previous training in adherence education [AdhE] vs specific training in MI). Methods: For this study, a national questionnaire-based survey was conducted among HCPs treating asthma. A total of 360 HCPs were surveyed (allergists: n=110; pulmonologists: n=120; general practitioners: n=130). Of them, 180 physicians had received a training intervention (training in AdhE: n=90; training in MI to promote adherence: n=90). Results: Of the total surveyed HCPs, 92.8% reported adherence is highly important in asthma control. More professionals trained in MI compared to those trained in AdhE considered that simplifying treatment as far as possible (85.6% vs 68.9%, P=0.0077), involving the patient in treatment plans (85.6% vs 71.1%, P=0.0187), giving the patient self-care patterns (52.2% vs 36.7%, P=0.0357) and performing MI (42.2% vs 15.6%, P&lt;0.0001) were the most important interventions to promote adherence. Empathy between doctor and patient (93.3% vs 77.8%, P=0.0036) and concordance of medical and patient treatment goals (96.7% vs 72.2%, P&lt;0.0001) were the factors perceived as having the greatest influence in improving adherence to asthma treatment by the physicians in the MI group as opposed to those in the AdhE group. The use of MI in asthma consultation was the most highly valued resource to promote adherence to treatment among all the professionals, particularly those who had received specific MI training compared to those who had received any kind of previous training in AdhE (96.7% vs 66.7%, P&lt;0.0001). Conclusion: MI is considered an important tool to promote adherence to asthma treatment among HCPs, especially among those specifically trained in that aspect. MI training interventions seem to influence HCPs' approaches to improve self-care and to engage patients in treatment plans rather than approaches solely centered on AdhE.</subfield>
   </datafield>
   <datafield ind1="8" ind2=" " tag="024">
      <subfield code="a">Román-Rodríguez M, Ibarrola-Ruiz L, Mora F, Plaza V, Sastre J, Torrego A, et al. Motivational interviewing for adherence: post-training attitudes and perceptions of physicians who treat asthma patients. Patient Prefer Adherence. 2017;11:811-20.</subfield>
   </datafield>
   <datafield ind1="8" ind2=" " tag="024">
      <subfield code="a">1177-889X</subfield>
   </datafield>
   <datafield ind1="8" ind2=" " tag="024">
      <subfield code="a">http://hdl.handle.net/20.500.13003/17176</subfield>
   </datafield>
   <datafield ind1="8" ind2=" " tag="024">
      <subfield code="a">http://hdl.handle.net/20.500.12105/20472</subfield>
   </datafield>
   <datafield ind1="8" ind2=" " tag="024">
      <subfield code="a">28461743</subfield>
   </datafield>
   <datafield ind1="8" ind2=" " tag="024">
      <subfield code="a">10.2147/PPA.S127645</subfield>
   </datafield>
   <datafield ind1="8" ind2=" " tag="024">
      <subfield code="a">Patient Preference and Adherence</subfield>
   </datafield>
   <datafield ind1="8" ind2=" " tag="024">
      <subfield code="a">2-s2.0-85019586314</subfield>
   </datafield>
   <datafield ind1="8" ind2=" " tag="024">
      <subfield code="a">399804000003</subfield>
   </datafield>
   <datafield ind1="8" ind2=" " tag="024">
      <subfield code="a">L616178319</subfield>
   </datafield>
   <datafield tag="653" ind2=" " ind1=" ">
      <subfield code="a">Asthma</subfield>
   </datafield>
   <datafield tag="653" ind2=" " ind1=" ">
      <subfield code="a">Adherence</subfield>
   </datafield>
   <datafield tag="653" ind2=" " ind1=" ">
      <subfield code="a">Control</subfield>
   </datafield>
   <datafield tag="653" ind2=" " ind1=" ">
      <subfield code="a">Training</subfield>
   </datafield>
   <datafield tag="653" ind2=" " ind1=" ">
      <subfield code="a">Motivational interviewing</subfield>
   </datafield>
   <datafield tag="653" ind2=" " ind1=" ">
      <subfield code="a">Education</subfield>
   </datafield>
   <datafield ind2="0" ind1="0" tag="245">
      <subfield code="a">Motivational interviewing for adherence: post-training attitudes and perceptions of physicians who treat asthma patients</subfield>
   </datafield>
</record></metadata></record></GetRecord></OAI-PMH>